Welcome to the Holygrace Academy Library

Please use search bar below to get started

MARUNADAN KUTTIKATHAKAL (Record no. 1365)

MARC details
000 -LEADER
fixed length control field 00313nam a22001337a 4500
082 ## - DEWEY DECIMAL CLASSIFICATION NUMBER
Classification number 894.812.3
Item number MEE/M
100 ## - MAIN ENTRY--AUTHOR NAME
Personal name MEENAKUMARI
245 ## - TITLE STATEMENT
Title MARUNADAN KUTTIKATHAKAL
250 ## - EDITION STATEMENT
Edition statement FIRST
260 ## - PUBLICATION, DISTRIBUTION, ETC. (IMPRINT)
Place of publication THRISSUR
Name of publisher H&C PUBLISHING HOUSE
Year of publication 2006
300 ## - PHYSICAL DESCRIPTION
Number of Pages 96
650 ## - SUBJECT ADDED ENTRY--TOPICAL TERM
Topical Term SHORT STORY MALAYALAM
Geographic subdivision KERALA
942 ## - ADDED ENTRY ELEMENTS (KOHA)
Koha item type Books
Holdings
Withdrawn status Lost status Collection code Home library Current library Shelving location Date acquired Source of acquisition Cost, normal purchase price Full call number Accession Number Koha item type
    Fiction Main Library Main Library SHELF-6C MALAYALAM SHORT STORIES 07/03/2014 PURCHASE 10.00 894.812.3 MEE/M 07745 Books